|
|
|
|
| LEADER |
00000nam0a2200000 4500 |
| 001 |
308789 |
| 005 |
20231102002128.0 |
| 035 |
|
|
|a (RuTPU)RU\TPU\book\334110
|
| 090 |
|
|
|a 308789
|
| 100 |
|
|
|a 20151106d1981 km y0rusy50 ca
|
| 101 |
0 |
|
|a rus
|
| 102 |
|
|
|a RU
|
| 105 |
|
|
|a a z 001zy
|
| 200 |
1 |
|
|a Усреднение руд на горно-обогатительных предприятиях
|f П. П. Бастан, Н. Н. Болошин
|
| 210 |
|
|
|a Москва
|c Недра
|d 1981
|
| 215 |
|
|
|a 280 с.
|c ил.
|
| 320 |
|
|
|a Библиогр.: с. 274-278
|
| 606 |
1 |
|
|a Руды
|x Усреднение
|x Математическое моделирование
|2 stltpush
|3 (RuTPU)RU\TPU\subj\26162
|9 50153
|
| 610 |
1 |
|
|a качество
|
| 610 |
1 |
|
|a информация
|
| 610 |
1 |
|
|a требования
|
| 610 |
1 |
|
|a терминология
|
| 610 |
1 |
|
|a экономическая эффективность
|
| 610 |
1 |
|
|a обогатительные фабрики
|
| 610 |
1 |
|
|a многослойные штабеля
|
| 610 |
1 |
|
|a пульпы
|
| 610 |
1 |
|
|a системы усреднения
|
| 610 |
1 |
|
|a проектирование
|
| 610 |
1 |
|
|a выбор
|
| 675 |
|
|
|a 622.795
|v 4
|
| 700 |
|
1 |
|a Бастан
|b П. П.
|g Парфен Павлович
|
| 701 |
|
1 |
|a Болошин
|b Н. Н.
|g Николай Николаевич
|
| 801 |
|
1 |
|a RU
|b 63413507
|c 20151106
|
| 801 |
|
2 |
|a RU
|b 63413507
|c 20190719
|g RCR
|
| 942 |
|
|
|c BK
|